|
|
|
|
| LEADER |
00000nam2a2200000 4500 |
| 001 |
19522 |
| 005 |
20231030191733.0 |
| 035 |
|
|
|a (RuTPU)RU\TPU\book\19687
|
| 035 |
|
|
|a BOOK00019757
|
| 090 |
|
|
|a 19522
|
| 100 |
|
|
|a 20011209d1976 km y0rusy50 ca
|
| 101 |
1 |
|
|a rus
|c grc
|
| 102 |
|
|
|a RU
|
| 105 |
|
|
|a y z 001zy
|
| 200 |
0 |
|
|a Т. 2
|
| 210 |
|
|
|d 1976
|
| 215 |
|
|
|a 406 с.
|
| 320 |
|
|
|a Примечания: с. 381-406.
|
| 320 |
|
|
|a Указ. имен: с. 407-412.
|
| 320 |
|
|
|a Предм. указ.: с. 413-420.
|
| 461 |
|
1 |
|0 (RuTPU)RU\TPU\book\66387
|t Сочинения
|o пер. с древнегреч.
|o В 2 т.
|f Секст Эмпирик
|g Академия наук СССР (АН СССР), Институт философии (ИФ)
|v Т. 2
|d 1975-1976
|s Философское наследие
|
| 464 |
|
|
|t Против ученых
|
| 464 |
|
|
|t Три книги Пирроновых положений
|
| 610 |
1 |
|
|a философия
|
| 610 |
1 |
|
|a античная философия
|
| 610 |
1 |
|
|a древнегреческая философия
|
| 610 |
1 |
|
|a скептицизм
|
| 610 |
1 |
|
|a история
|
| 686 |
|
|
|a Ю3(0)3
|v LBC/SL-A
|2 rubbk
|
| 801 |
|
0 |
|a RU
|b 63413507
|c 20011209
|g PSBO
|
| 801 |
|
2 |
|a RU
|b 63413507
|c 20171207
|g PSBO
|
| 942 |
|
|
|c BK
|